<?xml version="1.0" encoding="UTF-8"?>
<record
    xmlns:xsi="http://www.w3.org/2001/XMLSchema-instance"
    xsi:schemaLocation="http://www.loc.gov/MARC21/slim http://www.loc.gov/standards/marcxml/schema/MARC21slim.xsd"
    xmlns="http://www.loc.gov/MARC21/slim">

  <leader>02439njm a2200481Ia 4500</leader>
  <controlfield tag="001">66177</controlfield>
  <controlfield tag="003">IT-RoPAU</controlfield>
  <controlfield tag="005">20220918181132.0</controlfield>
  <controlfield tag="008">131025s9999    xx            000 0 und d</controlfield>
  <datafield tag="040" ind1=" " ind2=" ">
    <subfield code="a">IT-RoPAU</subfield>
  </datafield>
  <datafield tag="040" ind1=" " ind2=" ">
    <subfield code="c">IT-RoPAU</subfield>
  </datafield>
  <datafield tag="999" ind1=" " ind2=" ">
    <subfield code="c">100710</subfield>
    <subfield code="d">100710</subfield>
  </datafield>
  <datafield tag="999" ind1=" " ind2=" ">
    <subfield code="b">n.d.</subfield>
  </datafield>
  <datafield tag="100" ind1=" " ind2=" ">
    <subfield code="a">Mead Abigail</subfield>
    <subfield code="9">23601</subfield>
  </datafield>
  <datafield tag="100" ind1=" " ind2=" ">
    <subfield code="e">Autore musica</subfield>
    <subfield code="9">23602</subfield>
  </datafield>
  <datafield tag="100" ind1=" " ind2=" ">
    <subfield code="g">Codice autore musica SPICS: 23022</subfield>
    <subfield code="9">23603</subfield>
  </datafield>
  <datafield tag="245" ind1=" " ind2=" ">
    <subfield code="a">Full Metal Jacket (Original Motion Picture Soundtrack)</subfield>
  </datafield>
  <datafield tag="250" ind1=" " ind2=" ">
    <subfield code="a">1a ed.</subfield>
  </datafield>
  <datafield tag="260" ind1=" " ind2=" ">
    <subfield code="a">USA</subfield>
  </datafield>
  <datafield tag="260" ind1=" " ind2=" ">
    <subfield code="b">WARNER BROS RECORDS</subfield>
    <subfield code="c">1987 [1a Ed.:1987 - Ed. Lingua Orig.: 1987]</subfield>
  </datafield>
  <datafield tag="300" ind1=" " ind2=" ">
    <subfield code="a">DISCO</subfield>
  </datafield>
  <datafield tag="300" ind1=" " ind2=" ">
    <subfield code="c">39 minuti (Testo:  pag.)</subfield>
  </datafield>
  <datafield tag="500" ind1=" " ind2=" ">
    <subfield code="a">Colonna sonora del film omonimo. Musica da film.</subfield>
  </datafield>
  <datafield tag="505" ind1=" " ind2=" ">
    <subfield code="a">Transition - Parris Island - Ruins - Leonard - Attack - Time Suspended - Sniper - The Marines' Hymn - Full metal Jacket (6:00) - Hello Vietnam (4:00) - Chapel of Love (4:00) - Wooly Bully (3:00) - I Like It Like That (2:00) - These Boots Are Made For Walking (2:00) - Surfin' Bird (3:00)</subfield>
  </datafield>
  <datafield tag="511" ind1=" " ind2=" ">
    <subfield code="a">A. Mead and N. Goulding On the Fairlight Series III</subfield>
  </datafield>
  <datafield tag="511" ind1=" " ind2=" ">
    <subfield code="a">Whight J.</subfield>
  </datafield>
  <datafield tag="511" ind1=" " ind2=" ">
    <subfield code="a">The Dixie Cups</subfield>
  </datafield>
  <datafield tag="511" ind1=" " ind2=" ">
    <subfield code="a">Sam The Sham and The Pharoahs</subfield>
  </datafield>
  <datafield tag="511" ind1=" " ind2=" ">
    <subfield code="a">Sinatra N.</subfield>
  </datafield>
  <datafield tag="511" ind1=" " ind2=" ">
    <subfield code="a">The Trashmen</subfield>
  </datafield>
  <datafield tag="650" ind1=" " ind2=" ">
    <subfield code="a">COLONNE SONORE [DISCHI]</subfield>
    <subfield code="e">Codice MATERIA SPICS: 9950</subfield>
    <subfield code="9">1905</subfield>
  </datafield>
  <datafield tag="700" ind1=" " ind2=" ">
    <subfield code="a">Mead Abigail</subfield>
    <subfield code="d">Codice autore musica SPICS: 23022</subfield>
    <subfield code="e">Autore musica</subfield>
    <subfield code="p">Full metal Jacket</subfield>
    <subfield code="9">23605</subfield>
  </datafield>
  <datafield tag="700" ind1=" " ind2=" ">
    <subfield code="a">Goulding N.</subfield>
    <subfield code="d">Codice autore SPICS: 23023</subfield>
    <subfield code="e">Autore</subfield>
    <subfield code="p">Full metal Jacket</subfield>
    <subfield code="9">23606</subfield>
  </datafield>
  <datafield tag="700" ind1=" " ind2=" ">
    <subfield code="a">Hall Tom T.</subfield>
    <subfield code="d">Codice autore musica SPICS: 23024</subfield>
    <subfield code="e">Autore musica</subfield>
    <subfield code="p">Hello Vietnam</subfield>
    <subfield code="9">23607</subfield>
  </datafield>
  <datafield tag="700" ind1=" " ind2=" ">
    <subfield code="a">Barry John</subfield>
    <subfield code="d">Codice autore musica SPICS: 10744</subfield>
    <subfield code="e">Autore musica</subfield>
    <subfield code="p">Chapel of Love</subfield>
    <subfield code="9">23608</subfield>
  </datafield>
  <datafield tag="700" ind1=" " ind2=" ">
    <subfield code="a">Greenwich E.</subfield>
    <subfield code="d">Codice autore SPICS: 23025</subfield>
    <subfield code="e">Autore</subfield>
    <subfield code="p">Chapel of Love</subfield>
    <subfield code="9">23609</subfield>
  </datafield>
  <datafield tag="700" ind1=" " ind2=" ">
    <subfield code="a">Spector P.</subfield>
    <subfield code="d">Codice autore testo/musica SPICS: 14451</subfield>
    <subfield code="e">Autore testo/musica</subfield>
    <subfield code="p">Chapel of Love</subfield>
    <subfield code="9">23610</subfield>
  </datafield>
  <datafield tag="700" ind1=" " ind2=" ">
    <subfield code="a">Samudio D.</subfield>
    <subfield code="d">Codice autore musica SPICS: 23026</subfield>
    <subfield code="e">Autore musica</subfield>
    <subfield code="p">Wooly Bully</subfield>
    <subfield code="9">23611</subfield>
  </datafield>
  <datafield tag="700" ind1=" " ind2=" ">
    <subfield code="a">Kenner C.</subfield>
    <subfield code="d">Codice autore musica SPICS: 23027</subfield>
    <subfield code="e">Autore musica</subfield>
    <subfield code="p">I Like It Like That</subfield>
    <subfield code="9">23612</subfield>
  </datafield>
  <datafield tag="700" ind1=" " ind2=" ">
    <subfield code="a">Hazelwood L.</subfield>
    <subfield code="d">Codice autore musica SPICS: 23028</subfield>
    <subfield code="e">Autore musica</subfield>
    <subfield code="p">These Boots Are Made For Walking</subfield>
    <subfield code="9">23613</subfield>
  </datafield>
  <datafield tag="700" ind1=" " ind2=" ">
    <subfield code="a">Frazier A.</subfield>
    <subfield code="d">Codice autore testo/musica SPICS: 23029</subfield>
    <subfield code="e">Autore testo/musica</subfield>
    <subfield code="p">Surfin' Bird</subfield>
    <subfield code="9">23614</subfield>
  </datafield>
  <datafield tag="700" ind1=" " ind2=" ">
    <subfield code="a">White C.</subfield>
    <subfield code="d">Codice autore SPICS: 23013</subfield>
    <subfield code="e">Autore</subfield>
    <subfield code="p">Surfin' Bird</subfield>
    <subfield code="9">23615</subfield>
  </datafield>
  <datafield tag="942" ind1=" " ind2=" ">
    <subfield code="c">MD</subfield>
    <subfield code="2">ddc</subfield>
  </datafield>
  <datafield tag="952" ind1=" " ind2=" ">
    <subfield code="0">0</subfield>
    <subfield code="1">0</subfield>
    <subfield code="4">0</subfield>
    <subfield code="6">66177_000000000000000</subfield>
    <subfield code="7">1</subfield>
    <subfield code="a">SPICS</subfield>
    <subfield code="b">SPICS</subfield>
    <subfield code="d">2013-10-25</subfield>
    <subfield code="l">0</subfield>
    <subfield code="o">66177</subfield>
    <subfield code="r">2013-10-25 00:00:00</subfield>
    <subfield code="w">2013-10-25</subfield>
    <subfield code="y">MD</subfield>
    <subfield code="z">Progr. Ins.: 16221 / N.Vol.: 1 / Copie: 1 - Copia rara: n.d. / date import: 01.01.2014 - By Epidotti, Trombetti, Vaglietti</subfield>
  </datafield>
</record>
